Пьесы. Статьи. Высказывания: в 5 т: пер. с нем.

書誌詳細
第一著者: Брехт Б. Бертольт
言語:ロシア語
出版事項: Москва, Искусство, 1963-
フォーマット: 図書
KOHA link:https://koha.lib.tpu.ru/cgi-bin/koha/opac-detail.pl?biblionumber=105253

MARC

LEADER 00000nam1a2200000 4500
001 105253
005 20231031114345.0
035 |a (RuTPU)RU\TPU\book\113544 
090 |a 105253 
100 |a 20061114d1963 m y0rusy50 ca 
101 1 |a rus  |c ger 
102 |a RU 
200 1 |a Пьесы. Статьи. Высказывания  |e в 5 т: пер. с нем.  |f Б. Брехт 
210 |a Москва  |c Искусство  |d 1963- 
700 1 |a Брехт  |b Б.  |g Бертольт 
801 1 |a RU  |b 63413507  |c 20061114  |g PSBO 
942 |c BK